000 00327nam a2200121Ia 4500
008 230907s9999||||xx |||||||||||||| ||und||
082 _a891.4393
_bNIM
245 0 _aجنت کے پتے , Jannat kay pattay /
260 _aIlm-O-Irfan Publishers,
_bLahore :
_c2017
300 _a544 p.
650 _aUrdu Literature
942 _cBK
999 _c599724
_d599724